Ekomodulácia

Význam pojmu ekomodulácia, skúmanie vzniku a pozadia pojmu. Aktuálny stav riešenej problematiky a odporúčania pri zavádzaní ekomodulácie.

Salvato in:
Dettagli Bibliografici
Autore principale: Trošanová, Mária
Natura: Capitolo di libro
Lingua:slovacco
Soggetti:
Tags: Aggiungi Tag
Nessun Tag, puoi essere il primo ad aggiungerne!!

MARC

LEADER 00000naa a2200000 4500
001 0280421
005 20240417075149.1
041 0 |a slo 
044 |a SK 
245 1 0 |a Ekomodulácia  |c Mária Trošanová 
520 |a Význam pojmu ekomodulácia, skúmanie vzniku a pozadia pojmu. Aktuálny stav riešenej problematiky a odporúčania pri zavádzaní ekomodulácie. 
610 2 0 |a ekológia 
610 2 0 |a dizajn 
610 2 0 |a výrobky ekologické 
610 2 0 |a environmentalistika 
610 2 0 |a odpad 
100 1 |a Trošanová, Mária